[Event "4th LCT"]
[Site "Leiden NED"]
[Date "2010.07.18"]
[Round "9"]
[White "Michielsen,J"]
[Black "Pijpers,A"]
[Result "1-0"]
[WhiteElo "2397"]
[BlackElo "2248"]
[EventDate "2010.07.09"]

1. e4 c5 2. Nf3 d6 3. d4 cxd4 4. Nxd4 Nf6 5. Nc3 g6 6. Be3 Bg7 7. f3 O-O 8.
Qd2 Nc6 9. Bc4 Bd7 10. O-O-O Rc8 11. Bb3 Ne5 12. Kb1 a6 13. h4 h5 14. Bh6
Nc4 15. Qc1 Kh7 16. Bg5 Qa5 17. Bxc4 Rxc4 18. Nb3 Qd8 19. Rd3 Qc8 20. g4
hxg4 21. h5 Nxh5 22. Bxe7 Re8 23. Nd5 gxf3 24. Rxf3 Rxe4 25. Rxf7 Kg8 26.
Rxg7+ Kxg7 27. Rxh5 Bf5 28. Bf6+ Kf7 29. Rh7+ Ke6 30. Rc7 Qa8 31. Bc3 Qd8
32. Qd2 Qh4 33. Nf4+ Qxf4 34. Nc5+ dxc5 35. Qd7+ 1-0

[Event "4th LCT"]
[Site "Leiden NED"]
[Date "2010.07.10"]
[Round "2"]
[White "Braggaar,Leonore"]
[Black "Wiersma,E"]
[Result "0-1"]
[WhiteElo "2076"]
[BlackElo "2405"]
[EventDate "2010.07.09"]

1. e4 c5 2. Nf3 Nc6 3. d4 cxd4 4. Nxd4 e5 5. Nb5 d6 6. N1c3 a6 7. Na3 b5 8.
Nd5 Nge7 9. c4 Nxd5 10. exd5 Nd4 11. Be3 Nf5 12. Nc2 Rb8 13. cxb5 axb5 14.
Be2 Be7 15. O-O O-O 16. Qd3 Re8 17. Rac1 Nxe3 18. Nxe3 Bg5 19. Rc2 Bd7 20.
b4 e4 21. Qb3 f5 22. Nd1 f4 23. f3 e3 24. Nc3 Bf5 25. Rcc1 Bh4 26. a4 Bf2+
27. Rxf2 exf2+ 28. Kxf2 bxa4 29. Nxa4 Qh4+ 30. Kf1 Qxh2 31. Rc7 Qh1+ 32.
Kf2 Rxe2+ 0-1

[Event "4th LCT"]
[Site "Leiden NED"]
[Date "2010.07.15"]
[Round "6"]
[White "Haast,A"]
[Black "Braggaar,Leonore"]
[Result "1-0"]
[WhiteElo "2240"]
[BlackElo "2076"]
[EventDate "2010.07.09"]

1. e4 e5 2. Nf3 Nc6 3. d4 exd4 4. Nxd4 Bc5 5. Be3 Qf6 6. c3 Nge7 7. Bc4 Ne5
8. Be2 h5 9. f3 d6 10. O-O Bd7 11. Nd2 N7g6 12. N2b3 Nf4 13. Nxc5 dxc5 14.
Qd2 Neg6 15. Nf5 Nxe2+ 16. Qxe2 O-O-O 17. Qc2 b6 18. a4 Ne5 19. h4 g6 20.
Bg5 Qe6 21. Ne7+ Kb7 22. Nd5 Ra8 23. a5 Bb5 24. Rfd1 Rhf8 25. a6+ Kb8 26.
Bf4 f6 27. Qf2 Kc8 28. Qg3 Bd7 29. Bxe5 fxe5 30. Qg5 Rf7 31. Ne3 c6 32. Rd2
Kc7 33. Rad1 Rg8 34. Rd6 Qe8 35. Nc4 Re7 36. Nxe5 Rxe5 37. Rxd7+ Kb8 38.
Rd8+ 1-0

[Event "4th LCT"]
[Site "Leiden NED"]
[Date "2010.07.18"]
[Round "9"]
[White "Merbis,M"]
[Black "Erwich,Frank"]
[Result "0-1"]
[WhiteElo "2168"]
[BlackElo "2333"]
[EventDate "2010.07.09"]

1. d4 Nf6 2. c4 e6 3. Nc3 Bb4 4. Qc2 c5 5. dxc5 O-O 6. a3 Bxc5 7. Nf3 b6 8.
Bf4 Bb7 9. Rd1 Nc6 10. e3 Rc8 11. Be2 Be7 12. O-O a6 13. e4 Na5 14. Nd2 d6
15. b4 Nc6 16. Nb3 Qc7 17. Rc1 Ne5 18. Bxe5 dxe5 19. Rfd1 a5 20. bxa5 bxa5
21. Bd3 Bc6 22. a4 Bb4 23. Nb5 Qb7 24. f3 Nd7 25. Kh1 Nb6 26. c5 Nxa4 27.
Nd6 Qa7 28. Nxc8 Rxc8 29. Qe2 Nc3 30. Rxc3 Bxc3 31. Bb5 Bxb5 32. Qxb5 a4
33. Rd7 Qa8 34. Nc1 h5 35. Rb7 Rd8 36. g3 a3 37. Na2 Qa5 38. c6 Rd1+ 39.
Kg2 Rd2+ 40. Kh3 Qxb5 41. Rxb5 Bd4 0-1